| 000 | 00539nam a2200193Ia 4500 | ||
|---|---|---|---|
| 005 | 20250508160824.0 | ||
| 008 | 008 250505s9999 xx 000 0 eng d | ||
| 037 | _aTextual | ||
| 040 |
_aFEDL _beng _cFEDL |
||
| 041 |
_aeng _2eng |
||
| 084 |
_a954, CHO _qFEDL |
||
| 100 |
_aChopa P N _9769459 |
||
| 245 | 0 | _aSocial, cultural and economic history of India | |
| 260 |
_aDelhi, India _bMacmillan _c1974 |
||
| 300 | _axi,419p | ||
| 700 |
_a Puri B N Das M N _9769460 |
||
| 942 |
_cTEXL _h954, CHO |
||
| 999 |
_c1366810 _d1366810 |
||